Online
Catalog

Dolores. Cantares. Los pequeños poemas / (Record no. 19544)

MARC details
000 -CABECERA
campo de control de longitud fija 00596nam a2200193 a 4500
001 - NÚMERO DE CONTROL
campo de control 000020032
005 - FECHA Y HORA DE LA ÚLTIMA TRANSACCIÓN
campo de control 20200929170234.0
008 - DATOS DE LONGITUD FIJA--INFORMACIÓN GENERAL
campo de control de longitud fija 020522s1967 sp 000 m spa d
049 ## - FONDOS LOCALES (OCLC)
Fondos de biblioteca BNGR
040 ## - FUENTE DE LA CATALOGACIÓN
Centro catalogador/agencia de origen DO-SdBNP
100 1# - ENTRADA PRINCIPAL--NOMBRE DE PERSONA
Nombre de persona Campoamor, Ramón de
Fechas asociadas al nombre 1817-1901
9 (RLIN) 9880
245 10 - MENCIÓN DE TÍTULO
Título Dolores. Cantares. Los pequeños poemas /
Mención de responsabilidad, etc. Ramón de Campoamor.
250 ## - MENCIÓN DE EDICIÓN
Mención de edición 5a ed.
260 ## - PUBLICACIÓN, DISTRIBUCIÓN, ETC.
Lugar de publicación, distribución, etc. Madrid :
Nombre del editor, distribuidor, etc. Espasa-Calpe ,
Fecha de publicación, distribución, etc. 1967.
300 ## - DESCRIPCIÓN FÍSICA
Extensión 186 p. ;
Dimensiones 18 cm.
440 #0 - MENCIÓN DE SERIE/PUNTO DE ACCESO ADICIONAL--TÍTULO
Título Austral. Violeta;
Designación de volumen o secuencia 238
9 (RLIN) 42616
500 ## - NOTA GENERAL
Nota general Incluye índice de autores
830 #0 - PUNTO DE ACCESO ADICIONAL DE SERIE-TÍTULO UNIFORME
Título uniforme Austral
Nombre de parte o sección de la obra Violeta: teatro y poesía;
Designación de volumen o secuencia 238
9 (RLIN) 39559
Holdings
Estado de retiro Estado de pérdida Restricciones de uso No para préstamo Código de colección Localización permanente Ubicación/localización actual Ubicación en estantería Fecha de adquisición Número de inventario Total de préstamos Signatura topográfica completa Código de barras Fecha visto por última vez Precio válido a partir de Tipo de ítem Koha
      Excluido de préstamo Monografías: Libros y Folletos General General En catalogación 12.07.2010 LF1   20032-10 25.06.2020 25.06.2020 No se presta

Powered by Koha